Normal view
MARC view
- BABU V
Entry Personal Name
001 - CONTROL NUMBER
- control field: 2454
003 - CONTROL NUMBER IDENTIFIER
- control field: OSt
005 - DATE AND TIME OF LATEST TRANSACTION
- control field: 20180104113700.0
008 - FIXED-LENGTH DATA ELEMENTS
- fixed length control field: 180104|| aca||aabn | a|a d
040 ## - CATALOGING SOURCE
- Original cataloging agency: OSt
- Transcribing agency: OSt
100 ## - HEADING--PERSONAL NAME
- Personal name: BABU V
670 ## - SOURCE DATA FOUND
- Source citation: Work cat.: (OSt)15056: BABU V SAISUNDAR S SUNILKUMAR PANDEY, Design and fabrication of low cost paddy thresher
